000 00570nam a2200217 a 4500
001 BRCA_7441
005 20190320205833.0
008 110413s1921----sp-#######---#000-0#spa-#
041 _aspa
044 _asp
050 4 _aDP42
_b.H54 1921
100 1 _aHielscher, Kurt
_918327
245 1 0 _aLa España incógnita
_cpor Kurt Hielscher.
260 _aBarcelona
_bE. Canosa
_cc1921
300 _axxvi, 304 p.
500 _aVer también R86 (ed. alemán) e Y122
500 _aQ194
651 4 _aEspaña
_xDescripción y viajes
_97912
902 _aGFM
942 _2lcc
_cB
999 _c7117
_d7117